ARRUPE JESUIT UNIVERSITY

CORONAVIRUS -STOP THE SPREAD - CLEAN,DISINFECT,COVER

König Richard der Zweite, (Record no. 125923)

MARC details
000 -LEADER
fixed length control field 00613cam a2200205u 4500
001 - CONTROL NUMBER
control field 9664610
003 - CONTROL NUMBER IDENTIFIER
control field ARRUPE
005 - DATE AND TIME OF LATEST TRANSACTION
control field 20170111085605.0
008 - FIXED-LENGTH DATA ELEMENTS--GENERAL INFORMATION
fixed length control field 831028s1922 gw 000 0bger
010 ## - LIBRARY OF CONGRESS CONTROL NUMBER
LC control number 23012973
040 ## - CATALOGING SOURCE
Original cataloging agency DLC
Transcribing agency CarP
Modifying agency DLC
050 00 - LIBRARY OF CONGRESS CALL NUMBER
Classification number PR2820.A4
300 ## - PHYSICAL DESCRIPTION
Dimensions 15cm.
100 1# - MAIN ENTRY--PERSONAL NAME
Personal name Shakespeare, William,
Dates associated with a name 1564-1616.
9 (RLIN) 27038
245 10 - TITLE STATEMENT
Title König Richard der Zweite,
Statement of responsibility, etc by Shakespeare, William
260 ## - PUBLICATION, DISTRIBUTION, ETC. (IMPRINT)
Place of publication, distribution, etc Stuttgart,
Name of publisher, distributor, etc Philipp Reclam Jun.
Date of publication, distribution, etc 1961
300 ## - PHYSICAL DESCRIPTION
Extent 89p.;
700 1# - ADDED ENTRY--PERSONAL NAME
Personal name Schlegel, Wilhelm Von.
Relator term tr.
9 (RLIN) 28208
906 ## - LOCAL DATA ELEMENT F, LDF (RLIN)
a 0
b cbc
c premunv
d u
e ncip
f 19
g y-gencatlg
942 ## - ADDED ENTRY ELEMENTS (KOHA)
Source of classification or shelving scheme Library of Congress Classification
Koha item type Monograph ( Printed materials)
Holdings
Withdrawn status Lost status Source of classification or shelving scheme Damaged status Not for loan Collection code Home library Current library Shelving location Date acquired Total Checkouts Full call number Barcode Date last seen Price effective from Koha item type
    Library of Congress Classification     Main Collection ARRUPE LIBRARY ARRUPE LIBRARY Main Collection 11/01/2017   PR2820.A4 46500022604 11/01/2017 11/01/2017 Monograph ( Printed materials)

 

Arrupe Library. PO Box MP320 Mt Pleasant, Harare, Zimbabwe
263 242 745411|librarian@aju.ac.zw